000 01983nam a22002657a 4500
999 _c63131
_d63131
003 Ge_BSU
005 20250610103819.0
008 250610s2023 ge ||||| |||| 00| 0 geo d
020 _a9789941316531
041 _ageo
080 _a51(075.8) მ-15
245 _aმათემატიკა : 2 კლასი :
_bმოსწავლის წიგნი. ნაწ. 3 /
_cგურამ გოგიშვილი, თეიმურაზ ვეფხვაძე, ია მებონია, ლამარა ქურჩიშვილი; რედაქტორი თეიმურაზ ვეფხვაძე; მხატვარი ნანა მიქაბერიძე; გარეკანის დიზაინერები: გურამ გოგიშვილი, ილია ხელაია.
250 _aპირველი გამოცემა
264 _aთბილისი :
_bინტელექტი,
_c2023.
300 _a74 გვ. :
_bილ.;
_c28 სმ.
500 _aგრიფმინიჭებულია საქართველოს განათლებისა და მეცნიერების სამინისტროს მიერ 2023 წელს
653 _aმათემატიკა
700 _aგოგიშვილი, გურამ
_eავტორი, გარეკანის დიზაინერი
_925345
700 _a ვეფხვაძე, თეიმურაზ
_eავტორი, რედაქტორი
_925346
700 _aმებონია, ია
_eავტორი
_925347
700 _aქურჩიშვილი, ლამარა
_eავტორი
_925348
700 _a მიქაბერიძე, ნანა
_eმხატვარი
_925349
700 _a ხელაია, ილია
_eგარეკანის დიზაინერი
_925350
942 _2udc
_cBK